दर्शन प्रदर्शन (Record no. 1679523)
[ view plain ]
| 000 -LEADER | |
|---|---|
| fixed length control field | 00974nam a2200229 4500 |
| 005 - DATE AND TIME OF LATEST TRANSACTION | |
| control field | 20260213110805.0 |
| 008 - FIXED-LENGTH DATA ELEMENTS--GENERAL INFORMATION | |
| fixed length control field | 260213b |||||||| |||| 00| 0 eng d |
| 020 ## - INTERNATIONAL STANDARD BOOK NUMBER | |
| International Standard Book Number | 9788126704095 (hbk) |
| 037 ## - SOURCE OF ACQUISITION | |
| Terms of availability | TB |
| 040 ## - CATALOGING SOURCE | |
| Original cataloging agency | CRL |
| Transcribing agency | CRL |
| 041 ## - LANGUAGE CODE | |
| Source of code | hin |
| Language code of text/sound track or separate title | hin |
| 084 ## - COLON CLASSIFICATION NUMBER | |
| Classification number | NT44 152Q3 |
| 100 ## - MAIN ENTRY--PERSONAL NAME | |
| Personal name | अंकुर, देवेन्द्र राज |
| 9 (RLIN) | 1115554 |
| 245 ## - TITLE STATEMENT | |
| Title | दर्शन प्रदर्शन |
| 260 ## - PUBLICATION, DISTRIBUTION, ETC. | |
| Place of publication, distribution, etc. | नई दिल्ली, भारत: |
| Name of publisher, distributor, etc. | राजकमल प्रकाशन, |
| Date of publication, distribution, etc. | 2013. |
| 300 ## - PHYSICAL DESCRIPTION | |
| Extent | 162पृ. |
| 365 ## - TRADE PRICE | |
| Price amount | 595.00 |
| Currency code | INR |
| 650 ## - SUBJECT ADDED ENTRY--TOPICAL TERM | |
| Topical term or geographic name entry element | ललित कला |
| 9 (RLIN) | 1115555 |
| 650 ## - SUBJECT ADDED ENTRY--TOPICAL TERM | |
| Topical term or geographic name entry element | थिएटर |
| 9 (RLIN) | 1115556 |
| 942 ## - ADDED ENTRY ELEMENTS (KOHA) | |
| Source of classification or shelving scheme | Colon Classification (CC) |
| Suppress in OPAC | No |
| Koha item type | Textbook |
| Classification part | NT44 152Q3 |
| Withdrawn status | Lost status | Source of classification or shelving scheme | Damaged status | Not for loan | Home library | Current library | Date acquired | Source of acquisition | Cost, normal purchase price | Inventory number | Total Checkouts | Full call number | Barcode | Date due | Date last seen | Date last checked out | Price effective from | Koha item type |
|---|---|---|---|---|---|---|---|---|---|---|---|---|---|---|---|---|---|---|
| Colon Classification (CC) | Central Library | Arts Library | 2026-02-13 | आई . ओ . ई प्रोजेक्ट बुक्स | 595.00 | आई . ओ . ई प्रोजेक्ट बुक्स | 1 | NT44 152Q3 | CL1925839 | 2026-02-18 | 2026-02-18 | 2026-02-18 | 2026-02-13 | Textbook |
